000 00412nam a22001577a 4500
003 OSt
005 20241028125848.0
008 241028b |||||||| |||| 00| 0 eng d
020 _a97893535506247
040 _c
082 _29
_a519.5
_bDEV
245 _aprobability and statistics for engineering and the sciences
_cDevore,Jay L
250 _a9
260 _bCengage
_c2017
942 _2ddc
_cBK
_e9
_k519.5
_mDEV
_n0
999 _c36103
_d36103